000 00819nam a2200217Ia 4500
003 GCL
008 140319s9999 xx 000 0 ara d
020 _a3039149960
040 _aGCL /
_cGCL
082 0 4 _a300.72
100 1 _aستراوس ، انسيلم
245 1 0 _aاساسيات البحث الكيفى اساليب واجراءات النظرية المجذورة /
_cستراوس ، انسيلم
700 1 _aعبدالله بن حسين الخليفة
250 _aالاولى
260 _aالرياض :
_bمركز البحوث والدراسات الادارية ،
_c1999
300 _a311 ص ؛
_c24 سم
650 0 4 _aالعلوم الاجتماعية
650 0 4 _aالبحوث الاجتماعية
650 0 4 _aالعلوم الاجتماعية - طرق التدريس
942 _2ddc
_cBK
999 _c7094
_d7094